Les analyses théoriques des défaillances d'entreprises.
Makroekonomické analýzy. Proces úpadku a jeho štádiá. Sociálne stratégie a stratégie riadenia. Štruktúra kapitálu, riziká a náklady na úpadok. Od priamych k likvidačným nákladom. Porušenie pravidiel o prioritách. Od téorie k stratégii oživenia. (Revue d'économie financiere 1991, č.19).
Salvato in:
| Autore principale: | |
|---|---|
| Natura: | Capitolo di libro |
| Lingua: | francese |
| Soggetti: | |
| Tags: |
Nessun Tag, puoi essere il primo ad aggiungerne!!
|
MARC
| LEADER | 00000naa a2200000 4500 | ||
|---|---|---|---|
| 001 | r010069 | ||
| 005 | 20220913125029.3 | ||
| 041 | 0 | |a fre | |
| 044 | |a FR | ||
| 245 | 1 | 0 | |a Les analyses théoriques des défaillances d'entreprises. |c J.-F. Malécot |
| 520 | |a Makroekonomické analýzy. Proces úpadku a jeho štádiá. Sociálne stratégie a stratégie riadenia. Štruktúra kapitálu, riziká a náklady na úpadok. Od priamych k likvidačným nákladom. Porušenie pravidiel o prioritách. Od téorie k stratégii oživenia. (Revue d'économie financiere 1991, č.19). | ||
| 610 | 2 | 0 | |a analýza ekonomická |
| 610 | 2 | 0 | |a úpadok podniku |
| 610 | 2 | 0 | |a riadenie strategické |
| 610 | 2 | 0 | |a likvidácia podniku |
| 610 | 2 | 0 | |a riziko |
| 610 | 2 | 0 | |a náklady |
| 100 | 1 | |a Malécot, J.-F. | |